Test of English as a foreign language Preparation guide

Đã lưu trong:
书目详细资料
主要作者: Michael A Pyle
格式: 图书
语言:Undetermined
出版: New York John Wiley 1986
主题:
标签: 添加标签
没有标签, 成为第一个标记此记录!
Thư viện lưu trữ: Trung tâm Học liệu Trường Đại học Cần Thơ
LEADER 00505nam a2200181Ia 4500
001 CTU_858
008 210402s9999 xx 000 0 und d
082 |a 428.0076 
082 |b P996 
100 |a Michael A Pyle 
245 0 |a Test of English as a foreign language 
245 0 |b Preparation guide 
245 0 |c Michael A Pyle 
260 |a New York 
260 |b John Wiley 
260 |c 1986 
650 |a english language - study and teaching 
980 |a Trung tâm Học liệu Trường Đại học Cần Thơ